|
|
|
|
| LEADER |
01158nam a2200301 a 4500 |
| 001 |
41226 |
| 003 |
BD-DhAAL |
| 005 |
20230521155630.0 |
| 008 |
961023r19971869nyu 000 0 eng |
| 010 |
|
|
|a 96039387
|
| 020 |
|
|
|a 0486296016 (pbk.)
|
| 040 |
|
|
|a DLC
|c DLC
|d DLC
|d BD-DhAAL
|
| 082 |
0 |
0 |
|a 305.409
|2 21
|
| 100 |
1 |
|
|a Mill, John Stuart,
|d 1806-1873.
|
| 245 |
1 |
4 |
|a The subjection of women /
|c John Stuart Mill.
|
| 260 |
|
|
|a Mineola, N.Y. :
|b Dover Publications,
|c c1997.
|
| 300 |
|
|
|a vii, 101 pages ;
|c 21 cm.
|
| 490 |
|
|
|a Dover thrift editions.
|
| 500 |
|
|
|a Originally published: London : Longmans, Green and Co., 1869.
|
| 541 |
|
|
|a Donated By Akbar Ali Khan
|e 41226
|
| 650 |
|
0 |
|a Women
|x History
|y 19th century.
|9 54288
|
| 650 |
|
0 |
|a Women's rights.
|
| 650 |
|
0 |
|a Equality.
|
| 830 |
|
|
|a Dover thrift editions
|9 54289
|
| 852 |
|
|
|a Ayesha Abed Library
|c Akbar Ali Khan Collection
|
| 942 |
|
|
|2 ddc
|c BK
|
| 999 |
|
|
|c 45780
|d 45780
|
| 952 |
|
|
|0 0
|1 0
|2 ddc
|4 0
|6 305_409000000000000_MIL
|7 1
|9 73659
|a BRACUL
|b BRACUL
|c AAKC
|d 2023-05-21
|e Donated by Akbar Ali Khan
|g 214.05
|l 0
|o 305.409 MIL
|p 3010041226
|r 2023-05-21
|t 1
|v 214.05
|w 2023-05-21
|y BK
|x $2.00 Price available in book.
|